[Event "NZL-ch Major"]
[Site "Auckland"]
[Date "2010.01.10"]
[Round "9"]
[White "MacLeod, Hugh"]
[Black "Mukkattu, Philip"]
[Result "0-1"]
[WhiteElo "1734"]
[BlackElo "1629"]
[PlyCount "148"]
[EventDate "2010.01.02"]
[EventType "swiss"]
[EventRounds "11"]
[EventCountry "NZL"]
[SourceTitle "CBM 134 Extra"]
[Source "ChessBase"]
[SourceDate "2010.03.03"]
[SourceVersion "1"]
[SourceVersionDate "2010.03.03"]
[SourceQuality "1"]

1. e4 Nf6 2. e5 Nd5 3. c4 Nb6 4. d4 d6 5. Nf3 Bg4 6. exd6 exd6 7. b3 N8d7 8. Bb2 d5 9. c5 Nc8 10. Be2 g6 11. h3 Bxf3 12. Bxf3 Nf6 13. 0-0 Be7 14. Nc3 0-0 15. Re1 Re8 16. Re5 c6 17. Qc2 Bf8 18. Rae1 Rxe5 19. Rxe5 Ne7 20. Qd3 Qc7 21. Bc1 Nf5 22. Bf4 Qa5 23. Qd2 Bg7 24. Re1 Nd7 25. Be3 Nxc5 26. Rd1 Ne6 27. Ne2 Qxd2 28. Rxd2 Re8 29. Rd3 Nh4 30. Bg4 f5 31. g3 fxg4 32. gxh4 gxh3 33. Kh2 Bf6 34. Kxh3 Ng7 35. Ng3 Kf7 36. Kg4 h5+ 37. Kh3 Nf5 38. Nxf5 gxf5 39. f4 Rg8 40. Bf2 Ke8 41. Rg3 Rg4 42. Rf3 Kd7 43. a3 Kc7 44. Rd3 Kb6 45. Bg3 a5 46. Rd2 Ka6 47. Rd1 Be7 48. Re1 Bd6 49. Re6 Bxf4 50. Bf2 Bc1 51. a4 Re4 52. Rf6 f4 53. Rf5 Be3 54. Kg2 Rxd4 55. Rxh5 Rd2 56. Rh8 Rxf2+ 57. Kh3 d4 58. h5 d3 59. h6 c5 60. h7 Rf3+ 61. Kh2 Bd4 62. Rd8 Bc3 63. Kg2 Rg3+ 64. Kh2 Re3 65. Kg2 Kb6 66. h8Q Bxh8 67. Rxh8 d2 68. Rd8 Rxb3 69. Rxd2 Rb4 70. Ra2 c4 71. Kf3 c3 72. Rc2 Rc4 73. Ke2 Kc5 74. Kd3 Rd4+ 0-1

[Event "NZL-ch Major"]
[Site "Auckland"]
[Date "2010.01.08"]
[Round "7"]
[White "MacLeod, Hugh"]
[Black "Casilang, Arthur"]
[Result "0-1"]
[WhiteElo "1734"]
[BlackElo "1900"]
[PlyCount "37"]
[EventDate "2010.01.02"]
[EventType "swiss"]
[EventRounds "11"]
[EventCountry "NZL"]
[SourceTitle "CBM 134 Extra"]
[Source "ChessBase"]
[SourceDate "2010.03.03"]
[SourceVersion "1"]
[SourceVersionDate "2010.03.03"]
[SourceQuality "1"]

1. e4 c6 2. d4 d5 3. Nc3 dxe4 4. Nxe4 Bf5 5. Ng3 Bg6 6. h4 h6 7. Nf3 e6 8. Bd3 Bxd3 9. Qxd3 Nf6 10. Bd2 Nbd7 11. h5 Qc7 12. 0-0-0 0-0-0 13. Kb1 Ng4 14. Qe2 Ndf6 15. Bc3 Nd5 16. Bd2 Nb4 17. c3 Nd5 18. Rhg1 Qb6 19. Bc1 0-1

[Event "NZL-ch Major"]
[Site "Auckland"]
[Date "2010.01.05"]
[Round "4"]
[White "Rudkins, Lynton"]
[Black "MacLeod, Hugh"]
[Result "0-1"]
[WhiteElo "1236"]
[BlackElo "1734"]
[PlyCount "66"]
[EventDate "2010.01.02"]
[EventType "swiss"]
[EventRounds "11"]
[EventCountry "NZL"]
[SourceTitle "CBM 134 Extra"]
[Source "ChessBase"]
[SourceDate "2010.03.03"]
[SourceVersion "1"]
[SourceVersionDate "2010.03.03"]
[SourceQuality "1"]

1. d4 e6 2. c4 d5 3. Nc3 Nf6 4. cxd5 exd5 5. Bg5 Be7 6. e3 Bf5 7. Bxf6 Bxf6 8. Qb3 Bd7 9. Nxd5 b6 10. Nxf6+ Qxf6 11. Rc1 c6 12. g3 0-0 13. Bg2 Qd6 14. Ne2 Re8 15. 0-0 Be6 16. Qc3 Bd5 17. Bxd5 Qxd5 18. Nf4 Qe4 19. Qd3 Qe7 20. Rfe1 Qd7 21. Qc3 Rc8 22. d5 c5 23. e4 Na6 24. a3 Nc7 25. a4 a5 26. Nd3 Re8 27. Kg2 Qxa4 28. Qc2 Rxe4 29. Qxa4 Rxa4 30. Re7 Nxd5 31. Rd7 Rd4 32. Nf4 Ne3+ 33. fxe3 Rxd7 0-1